| 000 -LEADER | |
|---|---|
| fixed length control field | 00431nam a22001697a 4500 |
| 005 - DATE AND TIME OF LATEST TRANSACTION | |
| control field | 20210909123620.0 |
| 008 - FIXED-LENGTH DATA ELEMENTS--GENERAL INFORMATION | |
| fixed length control field | 160701b xxu||||| |||| 00| 0 eng d |
| 020 ## - INTERNATIONAL STANDARD BOOK NUMBER | |
| ISBN | 81-7800-132-2 |
| 041 ## - LANGUAGE CODE | |
| Language code of text/sound track or separate title | eng |
| 082 ## - DEWEY DECIMAL CLASSIFICATION NUMBER | |
| Item number | 20403 |
| 100 ## - MAIN ENTRY--AUTHOR NAME | |
| Personal name | V Radha krishna Murty & other |
| 245 ## - TITLE STATEMENT | |
| Title | Terminology An Agriculture Meteorolgy & agronomy |
| 260 ## - PUBLICATION, DISTRIBUTION, ETC. (IMPRINT) | |
| Name of publisher | B S Publication |
| 300 ## - PHYSICAL DESCRIPTION | |
| Number of Pages | 393 |
| 650 ## - SUBJECT ADDED ENTRY--TOPICAL TERM | |
| Topical Term | Agriculture |
| 942 ## - ADDED ENTRY ELEMENTS (KOHA) | |
| Koha item type | Books |
| Lost status | Damaged status | Collection code | Home library | Current library | Shelving location | Date acquired | Source of acquisition | Cost, normal purchase price | Full call number | Accession Number | Koha item type |
|---|---|---|---|---|---|---|---|---|---|---|---|
| Reference | JRU Library | JRU Library | SHELF-2-D | 01/07/2016 | PURCHASE | 650.00 | 631.1 | 20403 | Books | ||
| AGRICULTURE | JRU Library | JRU Library | SHELF-44-E | 01/07/2016 | 650.00 | 20403 | 20404 | Books | |||
| AGRICULTURE | JRU Library | JRU Library | SHELF-44-E | 01/07/2016 | 650.00 | 20403 | 20405 | Books | |||
| AGRICULTURE | JRU Library | JRU Library | SHELF-44-E | 01/07/2016 | 650.00 | 20403 | 20406 | Books | |||
| AGRICULTURE | JRU Library | JRU Library | SHELF-44-E | 01/07/2016 | 650.00 | 20403 | 20407 | Books |